Mutual Insurance 1550-2015 From Guild Welfare and Friendly Societies to Contemporary Micro-Insurers /

In the modern Western world, we tend to be insured by the state or for-profit insurers. We have privileged this system over mutual or micro-insurance, whose long and rich history we tend to forget. Yet, mutual and micro-insurance is becoming increasingly important, both in the Western and in the non...

Full description

Bibliographic Details
Main Author: Van Leeuwen, Marco H. D. (Author)
Corporate Author: SpringerLink (Online service)
Format: Electronic eBook
Language:English
Published: London : Palgrave Macmillan UK : Imprint: Palgrave Macmillan, 2016.
Series:Palgrave Studies in the History of Finance
Subjects:
Online Access:Full Text via HEAL-Link
LEADER 03109nam a22005535i 4500
001 978-1-137-53110-0
003 DE-He213
005 20180108141608.0
007 cr nn 008mamaa
008 160830s2016 xxk| s |||| 0|eng d
020 |a 9781137531100  |9 978-1-137-53110-0 
024 7 |a 10.1057/978-1-137-53110-0  |2 doi 
040 |d GrThAP 
050 4 |a HG171 
072 7 |a KFF  |2 bicssc 
072 7 |a HBT  |2 bicssc 
072 7 |a BUS023000  |2 bisacsh 
082 0 4 |a 332.09  |2 23 
100 1 |a Van Leeuwen, Marco H. D.  |e author. 
245 1 0 |a Mutual Insurance 1550-2015  |h [electronic resource] :  |b From Guild Welfare and Friendly Societies to Contemporary Micro-Insurers /  |c by Marco H. D. Van Leeuwen. 
264 1 |a London :  |b Palgrave Macmillan UK :  |b Imprint: Palgrave Macmillan,  |c 2016. 
300 |a XIII, 321 p. 3 illus.  |b online resource. 
336 |a text  |b txt  |2 rdacontent 
337 |a computer  |b c  |2 rdamedia 
338 |a online resource  |b cr  |2 rdacarrier 
347 |a text file  |b PDF  |2 rda 
490 1 |a Palgrave Studies in the History of Finance 
520 |a In the modern Western world, we tend to be insured by the state or for-profit insurers. We have privileged this system over mutual or micro-insurance, whose long and rich history we tend to forget. Yet, mutual and micro-insurance is becoming increasingly important, both in the Western and in the non-Western world and bears re-examination. This book traces the track record of mutual insurance from 1550 to the present, examining provisions for burial, sickness, unemployment, old age, and widowhood. The author seeks to address such topics as the type of risks micro-insurance covered between 1550 and 2015; how it was organized throughout its history; who provided the coverage; and how contributions, benefit levels, and conditions have changed. Importantly, the author explores why this system has worked through, and endured, the test of time. Mutual insurance can, for instance, overcome classic insurance problems such as adverse selection and moral hazards. The author demonstrates that the study of the position micro-insurance historically assumed in mixed economies of welfare presents interesting lessons for today’s insurance market, as well as for today’s mutualism. 
650 0 |a Finance. 
650 0 |a Insurance. 
650 0 |a Finance--History. 
650 0 |a Social history. 
650 0 |a Welfare economics. 
650 0 |a Social structure. 
650 0 |a Social inequality. 
650 1 4 |a Finance. 
650 2 4 |a Financial History. 
650 2 4 |a Insurance. 
650 2 4 |a Personal Finance/Wealth Management/Pension Planning. 
650 2 4 |a Social History. 
650 2 4 |a Social Choice/Welfare Economics/Public Choice. 
650 2 4 |a Social Structure, Social Inequality. 
710 2 |a SpringerLink (Online service) 
773 0 |t Springer eBooks 
776 0 8 |i Printed edition:  |z 9781137531094 
830 0 |a Palgrave Studies in the History of Finance 
856 4 0 |u http://dx.doi.org/10.1057/978-1-137-53110-0  |z Full Text via HEAL-Link 
912 |a ZDB-2-ECF 
950 |a Economics and Finance (Springer-41170)